000 00806nac a22002291u 4500
010 _a97018283
020 _a0321014057
082 0 0 _a658.3
_bD7581
090 _c1110
_d1110
100 _aDrafke, Michael W.
245 1 4 _aThe human side of organizations /
_cMichael W. Drafke and Stan Kossen.
250 _a8th ed.
260 _aNew Delhi :
_bPrentice Hall of India,
_cc1998.
300 _a528 p. :
_bill. ;
_c26 cm.
500 _aIncludes index.
650 0 _aPsychology, Industrial.
650 0 _aOrganizational behavior.
650 0 _aInterpersonal relations.
700 1 _aKossen, Stan,
_d1931-
942 _cBB
_k658.3D7581
999 _c1110
_d1110